000
00311nam a22001337a 4500
020
_a
0903486342
082
_a
336.942 GAN
100
_a
Ganz Gabriele
245
_a
Govenment and industry
260
_a
London
_b
Professional books
_c
1977
300
_a
xii,112p.
_b
23cm.
500
_a
Include index
942
_c
BK
999
_c
13539
_d
13539